| 000 | 00775nam a2200193 i 4500 | ||
|---|---|---|---|
| 001 | bg | ||
| 100 | 1 | _aBANAŚ, Bogdan | |
| 245 | 0 |
_aPlastyczność i dekohezja cynku / _cB. Banaś, S. Pilcer, A. Pszonka. |
|
| 260 |
_aWrocław, _c1974. |
||
| 490 | 1 |
_aPrace Naukowe Instytutu Materiałoznawstwa i Mechaniki Technicznej Politechniki Wrocławskiej = _aScientific Papers of the Institute of Materials Science and Applied Mechanics of the Technical University of Wrocław ; _v22 |
|
| 700 | 1 | _aPILCER, Stefan | |
| 700 | 1 | _aPSZONKA, Andrzej | |
| 830 | 0 |
_aPrace Naukowe Instytutu Materiałoznawstwa i Mechaniki Technicznej Politechniki Wrocławskiej ; _v22 |
|
| 040 | _cBPK | ||
| 041 | _apol | ||
| 080 | _a669:620.1 | ||
| 942 | _cKS | ||
| 008 | s pl f |000 0 pol | ||
| 999 |
_c26440 _d26440 |
||
| 856 |
_uhttp://koha.tu.koszalin.pl/cgi-bin/koha/opac-detail.pl?biblionumber=26440 _yKatalog online BPK |
||